00824nam a22002297a 450000500170000001000130001702000100003003500130004003700160005304000120006908200150008110000240009624500460012026000360016627000590020230000230026165000300028465000490031494200240036399900190038795201880040620170124110036.0 aA-288565 c00.00 aA-288565 bCen Lib/Ret aDPLbEN a332.1bMAL aMallya, K. G922640 aThe ABC of bank credit /cby K. G. Mallya aBombaybPopular Prakashanc1985 a35-C, Pandit Mohan Madan Marg, TardeobBombaye400034 axi,108p.c21cm(Hb) aBanks and banking9114369 aBanks and banking--Government policy9114370 2ddccENh332.1mMAL c128183d128183 04104070aLbLd2015-07-01eCen Lib/Ret g0.00l0o332.1 MALpA-288565r2015-07-01 00:00:00t1v0.00w2016-09-15yENzWritten off on approval by DLB (By Circulation); dtd 15-06-2023